00878nam a2200265 a 4500001001000000003000500010005001700015008004100032010001100073011001100084020001500095040000900110082001900119245013000138260003700268300002400305490002200329534008500351650003100436650002700467650004200494700003200536700002200568830002200590000113913CHAP20220329144419.0171006s2000 sp a |r| ||1|||spa d a110374 a111346 a8487736351 cCHAP04a636.08961bM2900aManual de medicina y cirugía cardiorrespiratoria en pequeños animales /ceditado por Virginia Luis Fuentes y Simon Swift. aBarcelona :bEdiciones S,c2000. axiii, 503 p. :bil. aColección BSAVA pTít. original :tManual of Small Animal Cardiorespiratory Medicine and Surgery14aCardiología veterinaria.14aCirugía veterinaria.14aCorazónxEnfermedadesxVeterinaria.1 aLuis Fuentes, Virginiaeed.1 aSwift, Simoneed. 0aColección BSAVA